| 000 | 01140nam a2200277Ia 4500 | ||
|---|---|---|---|
| 999 |
_c54713 _d54713 |
||
| 001 | 21780 | ||
| 003 | GE_BSU | ||
| 005 | 20220408154837.0 | ||
| 008 | 181216s ||||ge |||||||||||||| ||geo|| | ||
| 020 | _a9789994080335 | ||
| 040 | _cGE_BSU | ||
| 041 | _ageo | ||
| 080 | _a656.61.072/074(075.8) ც-51 | ||
| 100 |
_aცეცხლაძე, მურმან _910750 |
||
| 245 |
_aსაზღვაო გადაზიდვები : _bსახელმძღვანელო / _cმურმან ცეცხლაძე ; რედ. ალ. კუჭუხიძე. |
||
| 264 |
_aბათუმი : _b''ლაზარე'', _c2009. |
||
| 300 |
_a263 გვ. : _bილ. ; _c21 სმ. |
||
| 504 | _aბიბლ. გვ. 261 | ||
| 541 | _h5 ლ. | ||
| 653 | _aსაზღვაო გადაზიდვები | ||
| 653 | _aტვირთმცოდნეობა | ||
| 653 | _aტრანსპორტი | ||
| 700 |
_aკუჭუხიძე, ალ. _eრედაქტორი _913650 |
||
| 710 |
_aბათუმის საზღვაო აკადემია _913651 |
||
| 942 |
_cBK _2udc |
||